| 000 | 00000nam##2200000za#4500 |
| 001 | 9.632132 |
| 003 | CaOODSP |
| 005 | 20220818080247 |
| 007 | cr ||||||||||| |
| 008 | 150407|2005||||xxc|||||o f|0| 0 fre|d |
| 020 | |a0-662-74722-4 |
| 040 | |aCaOODSP|bfre |
| 043 | |an-cn--- |
| 086 | 1 |aIP54-3/2005F-PDF |
| 110 | 2 |aCommissariat à la protection de la vie privée du Canada. |
| 245 | 10|aLeçons tirées de dix ans d'expérience : |h[ressource électronique]|bla Loi sur la protection des renseignements personnels dans le secteur privé du Québec |
| 260 | |aOttawa - Ontario : |bCommissariat à la protection de la vie privée du Canada |c2005. |
| 300 | |a70p. |
| 500 | |aLe n° de catalogue et l’ISBN de l'édition imprimée bilingue ont été incorrectement copiés dans l’édition électronique. |
| 520 | 3 |aCe rapport est essentiellement un résumé des décisions rendues par la Commission d’accès à l’information en vertu de la Loi sur la protection des renseignements personnels dans le secteur privé du Québec. Il vise à aider dans le cadre de l’interprétation de lois similaires, particulièrement la Loi sur la protection des renseignements personnels et les documents électroniques (une loi fédérale), ainsi qu’à documenter les modifications possibles à cette loi. |
| 590 | |a05-46|b2005-11-18 |
| 691 | 07|aVie privée|2gcpds |
| 775 | 08|tLearning from a decade of experience : |w(CaOODSP)9.687688 |
| 776 | 0#|tLearning from a decade of experience : |w(CaOODSP)9.666737 |
| 776 | 0#|tLeçons tirées de dix ans d'expérience : |w(CaOODSP)9.666738 |
| 856 | 40|ahttp://publications.gc.ca|qPDF|s1406 Ko|uhttps://publications.gc.ca/collections/Collection/IP54-3-2005F.pdf |